Ben Platt Sing To Me Instead Songs - Statistics

General Stats
  • This quiz has been taken 49 times
  • The average score is 9 of 12
Answer Stats
Song % Correct
Older
89%
Share Your Address
89%
Ease My Mind
86%
Better
84%
Grow As We Go
82%
Bad Habit
80%
Run Away
80%
New
77%
In Case You Don't Live Forever
75%
Honest Man
70%
Temporary Love
70%
Hurt Me Once
66%
No matching quizzes found
Score Distribution
Percent of People with Each Score
Percentile by Number Answered
Your Score History
You have not taken this quiz